| 000 | 00527nam a2200157 i 4500 | ||
|---|---|---|---|
| 001 | 40721 | ||
| 003 | ES-MaACL | ||
| 007 | t| | ||
| 008 | 030306s1984 sp ||||1| spa d | ||
| 100 | 1 |
_aCapitán Díaz, Alfonso. _934850 |
|
| 245 | 1 | 0 |
_aHistoria del pensamiento pedagógico en Europa _b: (desde sus orígenes al precientifismo pedagógico de J. F. Herbast) / _cAlfonso Capitán Díaz. |
| 260 |
_aMadrid : _bDykinson, _c1984. |
||
| 300 |
_aXXII, 807 p. ; _c23 cm. |
||
| 500 | _aIndice. | ||
| 852 |
_aES-MaACL _jL-9255 _bR.111107 |
||
| 999 |
_c40721 _d40721 |
||